| 000 | 00811nam a2200169 a 4500 | ||
|---|---|---|---|
| 008 | 100107s1997 ||||||||||||||||| || u | ||
| 050 | _aUNRISD(08)DP | ||
| 100 | _aGhimire, Krishna | ||
| 245 | 1 | 0 |
_aEmerging mass tourism in the south: reflections on the social opportunities and costs of national and regional tourism in developing countries _cby Krishna Ghimire |
| 260 |
_aGeneva: _bUNITED NATIONS _c1997 |
||
| 300 | _av, 28p.: ill. | ||
| 350 | _a0.00 | ||
| 650 | _aTOURISM --DEVELOPING COUNTRIES | ||
| 650 | _aTOURISM --ECONOMIC ASPECTS --DEVELOPING COUNTRIES | ||
| 710 | _aUnited Nations Research Institute for Social Development (UNRISD) | ||
| 995 |
_D0.00 _FCBU-MAIN LIBRARY (Kitwe) _H1 _I0.00 _M1 _UAVAILABLE _WJan 7, 2010 _ZInternational Publications |
||
| 999 |
_c41743 _d41743 |
||